00674 a2200193 4500999001500000010001400015020002400029035001300053037001500066082001000081100001800091245005800109260004000167270008500207300002400292500002000316942003000336952011400366 c4292d4292 aENG-86147 a8189612441c1090.00 aEN-69680 bDBAD / PUB14a509.21 aDawra, Sudhir1 aHandbook of world great scientists /cby Sudhir Dawra aNew DelhibOmega Publicationsc2006 a4398/5, Ansari Road, DaryaganjbNew Delhie110002k65901906mgph2004@yahoo.co.in a440 p.c21cm. (Hb.) aIncludes index adplcEN2ddch509.2 mDAW 001040718NFICaDBADbDBADeDBAD/PUBg1090.00l0o509.2 DAWpEN-69680r2008-09-15 00:00:00t1v1090.00yEN